Postoj studentů Střední zdravotnické školy k umíraní a smrti

Bibliographic Details
Main Authors: Kelnarová, J. (Author), Kunovský, J. (Author)
Format: Article
Language:Slovak
Czech
PhysicalDescription:Tab.
ISSN:1335-1850
Subjects:

MARC

LEADER 00000nab a2200000 a 4500
001 vtls008414281
003 SK-MaSNL
005 20260304171859.0
008 250505c2005 xo 0 slo
015 |a SNBCL2005/5 
035 |a SLK035636 
035 |a urn:nbn:sk:snk-abvuz 
035 |a (urnnbn)urn:nbn:sk:snk:ar-a059yt 
035 |a (uuid)bb3737b7-8072-40e9-bf52-87490e1d1e76 
040 |a SNKBUCL  |b slo  |c SNKBUCL  |e AACR2 
041 0 |a cze  |b cze  |b eng 
044 |a xo  |c SK 
080 |a 616-036.88:616-083:615.253.4  |2 1981 
100 1 |a Kelnarová, J.  |u Střední zdravotnická škola, Brno  |4 aut  |9 1500811 
245 1 0 |a Postoj studentů Střední zdravotnické školy k umíraní a smrti  |c J. Kelnarová, J. Kunovský 
246 1 0 |a The attitude of students of School of Nursing to the process of dying and death 
246 1 1 |a The attitude of students of School of Nursing to the process of dying and death 
300 |b Tab. 
504 |a Res. angl., čes. 
504 |a Bibliogr. odkazy 
650 0 7 |a postoj k smrti  |2 MESH  |9 1444073 
650 0 7 |a smrť  |2 MESH  |9 2593 
650 0 7 |a terminálna starostlivosť  |2 MESH  |9 256220 
650 0 7 |a študenti ošetrovateľstva  |2 MESH  |9 1453411 
650 0 7 |a dotazníky  |2 MESH  |9 19591 
700 1 |a Kunovský, J.  |4 aut  |9 1294144 
773 0 |t Geriatria  |g Roč. 11, č. 3 (2005), s. 125, 126-132  |x 1335-1850 
850 |a Slovenská národná knižnica 
852 |a Slovenská národná knižnica 
954 |a odborná, vedecká literatúra cudzojazyčná (svetová)  |2 lita 
958 |a article27 
958 |a OND 
958 |a EUIPO 
999 |c 2995412  |d 2997342